ISO 30000 και εφαρμογή στη διάλυση πλοίων : διπλωματική εργασία
Αποθηκεύτηκε σε:
| Κύριος συγγραφέας: | |
|---|---|
| Άλλοι συγγραφείς: | , |
| Μορφή: | Thesis Βιβλίο |
| Γλώσσα: | Greek |
| Δημοσίευση: |
Χίος :
Πανεπιστήμιο Αιγαίου, Τμήμα Ναυτιλίας και Επιχειρηματικών Υπηρεσιών,
2009
|
| Θέματα: | |
| Διαθέσιμο Online: | http://hdl.handle.net/11610/12878 |
| Ετικέτες: |
Προσθήκη ετικέτας
Δεν υπάρχουν, Καταχωρήστε ετικέτα πρώτοι!
|
MARC
| LEADER | 00000cam a2200000 i 4500 | ||
|---|---|---|---|
| 001 | 1/14114 | ||
| 008 | 110706s2009 gre d | ||
| 035 | |l 10110455 | ||
| 040 | |a GR-MY-UA |b gre |e aacr | ||
| 041 | 0 | |a gre | |
| 082 | 0 | |a 623.8 |2 (22) | |
| 100 | 1 | |a Ζαννίκος, Νικόλαος Μ. | |
| 245 | 1 | 0 | |a ISO 30000 και εφαρμογή στη διάλυση πλοίων : |b διπλωματική εργασία / |c Νικόλαος Ζαννίκος ; επιβλέποντες καθηγητές Νικήτας Νικητάκος και Αλέξανδρος Γλύκας |
| 260 | |a Χίος : |b Πανεπιστήμιο Αιγαίου, Τμήμα Ναυτιλίας και Επιχειρηματικών Υπηρεσιών, |c 2009 | ||
| 300 | |a 1 τ. (ποικίλες σελιδαριθμίσεις); |b εικ., πίν.,; |c 30 εκ. | ||
| 502 | |a Διατριβή (μεταπτυχιακή) – Πανεπιστήμιο Αιγαίου, Χίος, 2009. | ||
| 650 | 0 | 0 | |a Boats and boating. |
| 650 | 0 | 0 | |a Recycling (Waste, etc.) |
| 650 | 0 | 0 | |a Dissertations, Academic |z Greece. |
| 700 | 1 | |a Γλύκας, Αλέξανδρος. |4 ths | |
| 700 | 1 | |4 ths |a Νικητάκος, Νικήτας. | |
| 852 | |a INST |b CHIOS |c DIATR |e 20110706 |h 623.8 ΖΑΝ |p 005200032344 |q 005200032344 |t MTXE |y 23 | ||
| 852 | |a INST |b CHIOS |c DIATR |e 20110706 |h 623.8 ΖΑΝ |p 005200032345 |q 005200032345 |t MTXE |y 23 | ||
| 856 | |u http://hdl.handle.net/11610/12878 | ||
| 901 | |a BIBL2-2011-2 | ||
| 909 | |a Χ |b 148520 | ||
| 909 | |a Χ |b 148521 | ||
| 924 | |a Ζαννίκος |b Νικόλαος |y Χίος |z 2009-11 | ||
| 970 | |a Σπέντζα |b Ελένη |z 2011/07/06 | ||